书目信息 |
| 题名: |
合金钢化学分析
|
|
| 作者: | 成文 编 | |
| 分册: | ||
| 出版信息: | 北京 冶金工业出版社 1973 |
|
| 页数: | 317页 | |
| 开本: | 19cm | |
| 丛书名: | ||
| 单 册: | ||
| 中图分类: | TG115.3 | |
| 科图分类: | ||
| 主题词: | 金属学 , 物理冶金学 | |
| 电子资源: | ||
| ISBN: | ||
| 000 | 00608nam0 2200241 45 | |
| 001 | 0178000359 | |
| 005 | 20040206030806.5 | |
| 010 | @dCNY0.90 | |
| 091 | @a15062.3043 | |
| 100 | @a19950731e19781973em y0chiy0121 ea | |
| 101 | 0 | @achi |
| 102 | @aCN@b110000 | |
| 105 | @ay z 000yy | |
| 106 | @ar | |
| 200 | 10 | @a合金钢化学分析@Ahe jin gang hua xue fen xi@f成文等编 |
| 210 | @a北京@c冶金工业出版社@d1973@h1978重印 | |
| 215 | @a317页@d19cm | |
| 606 | 0 | @a金属学 |
| 606 | 0 | @a物理冶金学 |
| 690 | @aTG115.3 | |
| 701 | 0 | @a成文@Acheng wen@4编 |
| 801 | 0 | @aCN@bNLC@c20040206 |
| 905 | @f1@b16141@dTG115.3@e1 | |
| 合金钢化学分析/成文等编.-北京:冶金工业出版社,1973(1978重印) |
| 317页;19cm |
| ISBN :CNY0.90 |
| ● |
| 相关链接 |
|
|
|
|
正题名:合金钢化学分析
索取号:TG115.3/1
 
预约/预借
| 序号 | 登录号 | 条形码 | 馆藏地/架位号 | 状态 | 备注 |
| 1 | 0016141 | 001870648 | 密集书库/ [索取号:TG115.3/1] | 在馆 |